000 00398nam a2200133Ia 4500
008 151001s9999||||xx |||||||||||||| ||und||
100 _aगुरुनाथ - नाईक
245 _aशांतीवाला
250 _a1
260 _bबांदोडकर पब्लिशिंग कंपनी मुंबई
260 _c1984
300 _a254
365 _b18
999 _c963789
_d963786